THE GREEN BUILDING BOTTOM LINE THE REAL COST OF SUSTAINABLE BUILDING / (Record no. 588549)

000 -LEADER
fixed length control field 00393nam a22001337a 4500
020 ## - INTERNATIONAL STANDARD BOOK NUMBER
Qualifying information HB.
040 ## - CATALOGING SOURCE
Transcribing agency FIZZA ISHAQ
082 ## - DEWEY DECIMAL CLASSIFICATION NUMBER
Edition number 690.8047
Author Mark MAR
100 ## - MAIN ENTRY--PERSONAL NAME
Personal name MELAVER,MARTIN MUELLER PHYLLIS.
9 (RLIN) 90186
245 ## - TITLE STATEMENT
Title THE GREEN BUILDING BOTTOM LINE THE REAL COST OF SUSTAINABLE BUILDING /
Statement of responsibility, etc. PHYLLIS,MUELLER MARTIN MELAVER.
260 ## - PUBLICATION, DISTRIBUTION, ETC.
Place of publication, distribution, etc. NEW YORK ;
Date of publication, distribution, etc. 2009.
300 ## - PHYSICAL DESCRIPTION
Extent 359 P. ;
942 ## - ADDED ENTRY ELEMENTS (KOHA)
Source of classification or shelving scheme
Koha item type Book
Holdings
Withdrawn status Lost status Source of classification or shelving scheme Damaged status Not for loan Permanent Location Current Location Date acquired Total Checkouts Full call number Barcode Date last seen Price effective from Koha item type
          NUST Baluchistan Campus (NBC) NUST Baluchistan Campus (NBC) 03/03/2022   MAR Q-2356 03/03/2022 03/03/2022 Book
© 2023 Central Library, National University of Sciences and Technology. All Rights Reserved.